| 000 | 00869nam2a2200205 4500 | ||
|---|---|---|---|
| 001 | RU\NLR\BIBL_A\011439797 | ||
| 005 | 20250626065356.0 | ||
| 035 | _a(NLR Aleph) 011439797 | ||
| 090 |
_a11695530 _c11695530 |
||
| 100 | _a20170717d1981 |||y0rusy50 ca | ||
| 101 | 0 | _arus | |
| 102 | _aRU | ||
| 200 | 0 | _a1978 | |
| 210 |
_d1981 _aБ. м. |
||
| 461 | 0 |
_1001RU\NLR\INFOCOMM18\5000177610 _12001#$aШекспировские чтения$fАН СССР. Науч. совет по истории мировой культуры. Шекспировская комис.$v1978 _91957846 _cМ. _d1977- _fАН СССР. Науч. совет по истории мировой культуры. Шекспировская комис. _n"Наука" _tШекспировские чтения _v1978 |
|
| 852 |
_aNLR _jП34/739 |
||
| 942 | _cISSUE | ||
| 980 | _aNB | ||
| 980 | _aRUSPER | ||